| 000 | 03017namaa2200505uu 4500 | ||
|---|---|---|---|
| 001 | doab134709 | ||
| 003 | oapen | ||
| 005 | 20260218110445.0 | ||
| 006 | m o d | ||
| 007 | cr|mn|---annan | ||
| 008 | 240224s2024 xx |||||o ||| 0|eng d | ||
| 020 | _a9783110777543 | ||
| 020 | _a9783110777567 | ||
| 020 | _a9783110777567 | ||
| 020 | _a9783110777635 | ||
| 024 | 7 |
_a10.1515/9783110777567 _2doi |
|
| 040 |
_aoapen _coapen _d |
||
| 041 | 0 | _aeng | |
| 042 | _adc | ||
| 720 | 1 |
_aLeonhardt, Sven _4edt |
|
| 245 | 0 | 0 | _aInnovations and challenges of the energy transition in smart city districts |
| 260 |
_aBerlin/Boston _bDe Gruyter _c2024 |
||
| 300 | _a1 online resource (667 p.) | ||
| 336 |
_atext _btxt _2rdacontent |
||
| 337 |
_acomputer _bc _2rdamedia |
||
| 338 |
_aonline resource _bcr _2rdacarrier |
||
| 506 | 0 |
_fUnrestricted online access _2star |
|
| 520 | _aAs living, economic and cultural spaces, cities require a sustainable energy system and must be designed to be highly energy efficient. The book provides a framework for practitioners and scientists on how the energy transition can contribute to achieving climate goals in the building sector. Innovations and creative approaches for solutions from the lighthouse projects of the Solar Building/Energy Efficient City funding initiative are presented. ; As living, economic and cultural spaces, cities require a sustainable energy system and must be designed to be highly energy efficient. The book provides a framework for practitioners and scientists on how the energy transition can contribute to achieving climate goals in the building sector. Innovations and creative approaches for solutions from the lighthouse projects of the Solar Building/Energy Efficient City funding initiative are presented. ; As living, economic and cultural spaces, cities require a sustainable energy system and must be designed to be highly energy efficient. The book provides a framework for practitioners and scientists on how the energy transition can contribute to achieving climate goals in the building sector. Innovations and creative approaches for solutions from the lighthouse projects of the Solar Building/Energy Efficient City funding initiative are presented. | ||
| 540 |
_aCreative Commons _fby-nc-nd/4.0 _2cc _uhttp://creativecommons.org/licenses/by-nc-nd/4.0 |
||
| 546 | _aEnglish | ||
| 720 | 1 |
_aEckhard, Martin _4edt |
|
| 720 | 1 |
_aEckhard, Martin _4oth |
|
| 720 | 1 |
_aGörres, Jürgen _4edt |
|
| 720 | 1 |
_aGörres, Jürgen _4oth |
|
| 720 | 1 |
_aLeonhardt, Sven _4oth |
|
| 720 | 1 |
_aNusser, Tobias _4edt |
|
| 720 | 1 |
_aNusser, Tobias _4oth |
|
| 720 | 1 |
_aRosinger, Sven _4edt |
|
| 720 | 1 |
_aRosinger, Sven _4oth |
|
| 720 | 1 |
_aStryi-Hipp, Gerhard _4edt |
|
| 720 | 1 |
_aStryi-Hipp, Gerhard _4oth |
|
| 793 | 0 | _aDOAB Library. | |
| 856 |
_uhttps://docs.google.com/spreadsheets/d/1yKIrdCPDAG_9c22mwoOIO2DOhtj65Wqa/edit?usp=sharing&ouid=106555315294820607512&rtpof=true&sd=true _yList of Curated E-Books |
||
| 942 | _cE-BOOK | ||
| 999 |
_c81281 _d81280 |
||